000 01042nam a22002295i 4500
001 54619
003 ES-MaACL
005 20251015145002.0
007 t|
008 960724s1880 sp ||||1| spa d
040 _aCAM
_bspa
_cCAM
080 _a271 Adoratrices Esclavas del Santísimo Sacramento y de la Caridad
100 1 _aFuente, Vicente de la,
_d1817-1889
_952857
245 1 4 _aLas adoratrices
_b: noticia acerca del origen de este Instituto para la rehabilitación de jóvenes extraviadas, leído en la Real Academia de Ciencias Morales y Políticas /
_cpor Vicente de la Fuente.
260 _aMadrid :
_b[s.n.],
_c1880 (
_fImprenta de Antonio Perez Dubrull)
300 _a38 p. ;
_c17 cm.
600 0 7 _aMaría Micaela del Santísimo Sacramento,
_cSanta
_2
_9140518
610 2 4 _aAdoratrices Esclavas del Santísimo Sacramento y de la Caridad.
_9155971
710 2 _aReal Academia de Ciencias Morales y Políticas (España)
_9222050
852 _aES-MaACL
_jT-1296-F-2
_z.- Donat. Bosch
999 _c54619
_d54619